| 000 | 01238nam a2200253Ia 4500 | ||
|---|---|---|---|
| 001 | 9978 | ||
| 003 | GE_BSU | ||
| 008 | 181216s||||||||xx |||||||||||||| ||und|| | ||
| 020 | _a97899941009624 | ||
| 040 | _cGE_BSU | ||
| 080 | _a821.411.16.092+821.353.1(092 ბათიაშვილი) | ||
| 100 | _aნიკოლეიშვილი,ავთანდილ | ||
| 245 | _aნარკვევები ქართველ ებრაელთა ლიტერატურული და პუბლიცისტურ–ჟურნალისტური მოღვაწეობის ისტორიიდან.წ.2 | ||
| 245 | _bქართველ ებრაელთა ლიტერატურა.გურამ ბათიაშვილი | ||
| 245 | _cრედ.ვასილ კიკნაძე | ||
| 260 | _aქუთაისი | ||
| 260 | _bქსუ | ||
| 260 | _c2008 | ||
| 300 | _a152გვ.20სმ. | ||
| 541 | _h8ლ. | ||
| 653 | _aქართველ ებრაელთა ლიტერატურა.გურამ ბათიაშვილი | ||
| 653 | _aქართველ ებრაელთა ლიტერატურა; | ||
| 942 | _cBK | ||
| 999 |
_c43251 _d43251 |
||